Wine Regions of Germany (typing) - Statistics

General Stats
  • This quiz has been taken 211 times
  • The average score is 10 of 16
Answers on the Map
Answers color-coded by a green-red scale on the quiz's map according to % correct below.
 
Answer Stats
Region % Correct
Mosel
98%
Baden
91%
Rheingau
88%
Franken
84%
Pfalz
84%
Nahe
79%
Rheinhessen
79%
Piesport
56%
Forst
51%
Johannisberg
49%
Bernkastel
47%
Wehlen
47%
Rüdesheim
37%
Deidesheim
35%
Schloßböckelheim
35%
Nierstein
30%
No matching quizzes found
Score Distribution
Percent of People with Each Score
Percentile by Number Answered
Your Score History
You have not taken this quiz